Esquiver… (notice n° 1591976)
[ vue normale ]
| 000 -LEADER | |
|---|---|
| fixed length control field | 01008cam a2200217 4500500 |
| 005 - DATE AND TIME OF LATEST TRANSACTION | |
| control field | 20251228065644.0 |
| 041 ## - LANGUAGE CODE | |
| Language code of text/sound track or separate title | fre |
| 042 ## - AUTHENTICATION CODE | |
| Authentication code | dc |
| 100 10 - MAIN ENTRY--PERSONAL NAME | |
| Personal name | Santiago-Sanz, Henri |
| Relator term | author |
| 245 00 - TITLE STATEMENT | |
| Title | Esquiver… |
| 260 ## - PUBLICATION, DISTRIBUTION, ETC. | |
| Date of publication, distribution, etc. | 2022.<br/> |
| 500 ## - GENERAL NOTE | |
| General note | 4 |
| 520 ## - SUMMARY, ETC. | |
| Summary, etc. | Comment réagir à la norme qui impose obligations et contrôle à tous les étages du sanitaire et du social ? Pour éviter la dépression, restent la lutte ou la fuite selon Henri Laborit. Et si nous regardions du côté de Fernand Deligny et de ses pratiques inspirantes de l’esquive ? Que peuvent-elles nous dire de ce qu’il serait imaginable de faire dans et hors du cadre qui nous est imposé ? |
| 690 ## - LOCAL SUBJECT ADDED ENTRY--TOPICAL TERM (OCLC, RLIN) | |
| Topical term or geographic name as entry element | Contrôle |
| 690 ## - LOCAL SUBJECT ADDED ENTRY--TOPICAL TERM (OCLC, RLIN) | |
| Topical term or geographic name as entry element | dépression |
| 690 ## - LOCAL SUBJECT ADDED ENTRY--TOPICAL TERM (OCLC, RLIN) | |
| Topical term or geographic name as entry element | esquive |
| 690 ## - LOCAL SUBJECT ADDED ENTRY--TOPICAL TERM (OCLC, RLIN) | |
| Topical term or geographic name as entry element | fuite |
| 690 ## - LOCAL SUBJECT ADDED ENTRY--TOPICAL TERM (OCLC, RLIN) | |
| Topical term or geographic name as entry element | lutte |
| 786 0# - DATA SOURCE ENTRY | |
| Note | VST - Vie sociale et traitements | 154 | 2 | 2022-05-04 | p. 76-82 | 0396-8669 |
| 856 41 - ELECTRONIC LOCATION AND ACCESS | |
| Uniform Resource Identifier | <a href="https://shs.cairn.info/revue-vie-sociale-et-traitements-2022-2-page-76?lang=fr&redirect-ssocas=7080">https://shs.cairn.info/revue-vie-sociale-et-traitements-2022-2-page-76?lang=fr&redirect-ssocas=7080</a> |
Pas d'exemplaire disponible.




Réseaux sociaux